<?xml version="1.0" encoding="UTF-8"?>
<record
    xmlns:xsi="http://www.w3.org/2001/XMLSchema-instance"
    xsi:schemaLocation="http://www.loc.gov/MARC21/slim http://www.loc.gov/standards/marcxml/schema/MARC21slim.xsd"
    xmlns="http://www.loc.gov/MARC21/slim">

  <leader>01406nam a22002297a 4500</leader>
  <controlfield tag="003">NALT</controlfield>
  <controlfield tag="005">20210405120856.0</controlfield>
  <controlfield tag="008">201207b        th ||||| |||| 00| 0 tha d</controlfield>
  <datafield tag="040" ind1=" " ind2=" ">
    <subfield code="a">NALT</subfield>
  </datafield>
  <datafield tag="050" ind1=" " ind2=" ">
    <subfield code="a">N 7321</subfield>
    <subfield code="b">&#xE27;394&#xE04; 2563</subfield>
  </datafield>
  <datafield tag="110" ind1="2" ind2=" ">
    <subfield code="a">&#xE01;&#xE23;&#xE30;&#xE17;&#xE23;&#xE27;&#xE07;&#xE27;&#xE31;&#xE12;&#xE19;&#xE18;&#xE23;&#xE23;&#xE21;.</subfield>
    <subfield code="b">&#xE2A;&#xE33;&#xE19;&#xE31;&#xE01;&#xE07;&#xE32;&#xE19;&#xE28;&#xE34;&#xE25;&#xE1B;&#xE27;&#xE31;&#xE12;&#xE19;&#xE18;&#xE23;&#xE23;&#xE21;&#xE23;&#xE48;&#xE27;&#xE21;&#xE2A;&#xE21;&#xE31;&#xE22;</subfield>
    <subfield code="9">1292</subfield>
  </datafield>
  <datafield tag="245" ind1="1" ind2="0">
    <subfield code="a">&#xE42;&#xE04;&#xE23;&#xE07;&#xE01;&#xE32;&#xE23;&#xE28;&#xE34;&#xE25;&#xE1B;&#xE34;&#xE19;&#xE23;&#xE48;&#xE27;&#xE21;&#xE2A;&#xE21;&#xE31;&#xE22; &#xE2A;&#xE39;&#xE49;&#xE20;&#xE31;&#xE22;&#xE42;&#xE04;&#xE27;&#xE34;&#xE14; &#xE14;&#xE49;&#xE27;&#xE22;&#xE08;&#xE34;&#xE15;&#xE2A;&#xE33;&#xE19;&#xE36;&#xE01; &#xE2A;&#xE32;&#xE02;&#xE32;&#xE17;&#xE31;&#xE28;&#xE19;&#xE28;&#xE34;&#xE25;&#xE1B;&#xE4C; (Fighting Covid-19 with heARTS) /</subfield>
    <subfield code="c">&#xE2A;&#xE33;&#xE19;&#xE31;&#xE01;&#xE07;&#xE32;&#xE19;&#xE28;&#xE34;&#xE25;&#xE1B;&#xE27;&#xE31;&#xE12;&#xE19;&#xE18;&#xE23;&#xE23;&#xE21;&#xE23;&#xE48;&#xE27;&#xE21;&#xE2A;&#xE21;&#xE31;&#xE22; &#xE01;&#xE23;&#xE30;&#xE17;&#xE23;&#xE27;&#xE07;&#xE27;&#xE31;&#xE12;&#xE19;&#xE18;&#xE23;&#xE23;&#xE21;.</subfield>
  </datafield>
  <datafield tag="260" ind1=" " ind2=" ">
    <subfield code="a">&#xE01;&#xE23;&#xE38;&#xE07;&#xE40;&#xE17;&#xE1E;&#xE2F; :</subfield>
    <subfield code="b">&#xE2A;&#xE33;&#xE19;&#xE31;&#xE01;&#xE07;&#xE32;&#xE19;&#xE28;&#xE34;&#xE25;&#xE1B;&#xE27;&#xE31;&#xE12;&#xE19;&#xE18;&#xE23;&#xE23;&#xE21;&#xE23;&#xE48;&#xE27;&#xE21;&#xE2A;&#xE21;&#xE31;&#xE22; &#xE01;&#xE23;&#xE30;&#xE17;&#xE23;&#xE27;&#xE07;&#xE27;&#xE31;&#xE12;&#xE19;&#xE18;&#xE23;&#xE23;&#xE21;, </subfield>
    <subfield code="c">2563.</subfield>
  </datafield>
  <datafield tag="300" ind1=" " ind2=" ">
    <subfield code="a">220 &#xE2B;&#xE19;&#xE49;&#xE32; :</subfield>
    <subfield code="b">&#xE20;&#xE32;&#xE1E;&#xE1B;&#xE23;&#xE30;&#xE01;&#xE2D;&#xE1A; ;</subfield>
    <subfield code="c">25 &#xE0B;&#xE21;.</subfield>
  </datafield>
  <datafield tag="650" ind1=" " ind2="4">
    <subfield code="9">32682</subfield>
    <subfield code="a">&#xE28;&#xE34;&#xE25;&#xE1B;&#xE34;&#xE19;&#xE44;&#xE17;&#xE22; </subfield>
    <subfield code="x">&#xE1C;&#xE25;&#xE07;&#xE32;&#xE19; </subfield>
    <subfield code="x">&#xE20;&#xE32;&#xE1E;</subfield>
  </datafield>
  <datafield tag="650" ind1=" " ind2="4">
    <subfield code="9">49004</subfield>
    <subfield code="a">&#xE42;&#xE04;&#xE27;&#xE34;&#xE14;-19 (&#xE42;&#xE23;&#xE04;)</subfield>
    <subfield code="x">&#xE20;&#xE32;&#xE1E;</subfield>
  </datafield>
  <datafield tag="650" ind1=" " ind2="4">
    <subfield code="9">47785</subfield>
    <subfield code="a">&#xE28;&#xE34;&#xE25;&#xE1B;&#xE34;&#xE19;&#xE44;&#xE17;&#xE22;</subfield>
  </datafield>
  <datafield tag="850" ind1=" " ind2=" ">
    <subfield code="a">NALT</subfield>
  </datafield>
  <datafield tag="942" ind1=" " ind2=" ">
    <subfield code="c">GB</subfield>
    <subfield code="2">lcc</subfield>
  </datafield>
  <datafield tag="998" ind1=" " ind2=" ">
    <subfield code="a">bijaya</subfield>
    <subfield code="b">phon</subfield>
    <subfield code="c">phon</subfield>
    <subfield code="j">1020</subfield>
    <subfield code="k"> &#xE08;&#xE33;&#xE40;&#xE23;&#xE35;&#xE22;&#xE07; &#xE23;&#xE30;&#xE27;&#xE31;&#xE07;&#xE2A;&#xE33;&#xE42;&#xE23;&#xE07;</subfield>
  </datafield>
  <datafield tag="999" ind1=" " ind2=" ">
    <subfield code="c">97836</subfield>
    <subfield code="d">97836</subfield>
  </datafield>
  <datafield tag="952" ind1=" " ind2=" ">
    <subfield code="0">0</subfield>
    <subfield code="1">0</subfield>
    <subfield code="2">lcc</subfield>
    <subfield code="4">0</subfield>
    <subfield code="7">0</subfield>
    <subfield code="8">CGBL</subfield>
    <subfield code="a">NALT</subfield>
    <subfield code="b">NALT</subfield>
    <subfield code="c">GEN</subfield>
    <subfield code="d">2020-12-07</subfield>
    <subfield code="o">N 7321 &#xE27;394&#xE04; 2563</subfield>
    <subfield code="p">3961211635</subfield>
    <subfield code="r">2020-12-17 00:00:00</subfield>
    <subfield code="w">2020-12-07</subfield>
    <subfield code="y">GB</subfield>
  </datafield>
</record>
